[Event "5th POL-HUN Open 2017"]
[Site "Katowice POL"]
[Date "2017.05.20"]
[Round "5.16"]
[White "Pinkas,K"]
[Black "Grossmann,R"]
[Result "1-0"]
[WhiteElo "2196"]
[BlackElo "2065"]

1.e4 c6 2.d4 d5 3.exd5 cxd5 4.c4 Nf6 5.Nc3 e6 6.Nf3 Nc6 7.Bg5 Be7 8.a3 O-O
9.c5 b6 10.Bb5 Bb7 11.Bxc6 Bxc6 12.Ne5 Bb7 13.c6 Ba6 14.b4 Bc4 15.Nxc4 dxc4
16.O-O a6 17.b5 axb5 18.Nxb5 Nd5 19.Bxe7 Qxe7 20.Qc2 Qg5 21.Qxc4 f5 22.Nc3 Nf4
23.g3 Rae8 24.Kh1 Qh5 25.f3 Nh3 26.c7 Ng5 27.f4 Nf7 28.Rae1 Nd6 29.Qc6 Nc8
30.Rxe6 Re7 31.Rxe7 Nxe7 32.Qe6+ Qf7 33.Qxf7+ Kxf7 34.d5 Nc8 35.Re1 Nd6 36.Re6
Nc8 {#r} 1-0

[Event "5th POL-HUN Open 2017"]
[Site "Katowice POL"]
[Date "2017.05.20"]
[Round "5.18"]
[White "Kubicka,Anna"]
[Black "Kucza,Karol"]
[Result "0-1"]
[WhiteElo "2190"]
[BlackElo "2278"]

1.e4 e5 2.Nf3 Nc6 3.Bb5 a6 4.Ba4 Nf6 5.O-O Be7 6.Re1 b5 7.Bb3 O-O 8.h3 Bb7
9.c3 d5 10.exd5 Nxd5 11.a4 Qd7 12.d4 exd4 13.Nxd4 Nxd4 14.Qxd4 Bf6 15.Qg4 Qxg4
16.hxg4 Rfe8 17.Rd1 Nb6 18.axb5 axb5 19.Rxa8 Bxa8 20.Na3 Bc6 21.Be3 Na4
22.Bxa4 bxa4 23.g5 Be7 24.Nc4 Bb5 25.Na3 Bc6 26.Nc4 Rb8 27.Bf4 Rb5 28.Rd2 g6
29.Bxc7 Rxg5 30.f4 Bc5+ 31.Kf1 Rg4 32.Na5 Be4 33.Be5 f6 34.Bc7 Be3 35.Rd8+ Kg7
36.Rd7+ Kh6 37.g3 Rxg3 38.Bd6 Bd3+ 39.Ke1 Rg1# 0-1

[Event "5th POL-HUN Open 2017"]
[Site "Katowice POL"]
[Date "2017.05.20"]
[Round "5.19"]
[White "Lis,Mateusz"]
[Black "Tworzydlo,P"]
[Result "1-0"]
[WhiteElo "2139"]
[BlackElo "2165"]

1.e4 d6 2.d4 Nf6 3.Nc3 g6 4.f3 c6 5.Be3 b5 6.Qd2 b4 7.Na4 a5 8.a3 bxa3 9.Rxa3
Bg7 10.Bd3 O-O 11.Ne2 Na6 12.O-O Nb4 13.Rfa1 Nd7 14.Nc1 Nxd3 15.Nxd3 Re8
16.Nc3 Nb6 17.b3 Qc7 18.Nb2 c5 19.Nb5 Qc6 20.Rxa5 Rxa5 21.Rxa5 Bd7 22.dxc5
dxc5 23.Nc3 Ra8 24.Rxc5 Ra1+ 25.Kf2 Qf6 26.g3 h5 27.Nbd1 Bg4 28.f4 Qe6 29.Bd4
Bxd1 30.Nxd1 Bxd4+ 31.Qxd4 Ra8 32.Kg2 Nd7 33.Qd5 Qa6 34.Qxd7 Qe2+ 35.Nf2 Ra1
36.Qd3 Qe1 37.Rc8+ Kh7 38.Qc3 Qf1+ 39.Kf3 f6 40.Qc4 {#r} 1-0

[Event "5th POL-HUN Open 2017"]
[Site "Katowice POL"]
[Date "2017.05.20"]
[Round "5.24"]
[White "Zochowski,K"]
[Black "Baum,Jonasz"]
[Result "1-0"]
[WhiteElo "2259"]
[BlackElo "2085"]

1.e4 c5 2.Nf3 Nc6 3.d4 cxd4 4.Nxd4 g6 5.Nc3 Bg7 6.Nde2 Nf6 7.g3 d6 8.Bg2 O-O
9.O-O Bd7 10.b3 Qc8 11.Bb2 Bh3 12.f3 Rd8 13.Bxh3 Qxh3 14.Nf4 Qd7 15.Qd2 Rac8
16.Rad1 Ne5 17.Ba1 Qc6 18.Ncd5 Nxd5 19.Nxd5 Qd7 20.f4 Nc6 21.Bxg7 Kxg7 22.c4
Kg8 23.f5 Qe8 24.Rf4 Qf8 25.Rdf1 g5 26.R4f2 f6 27.Kh1 Ne5 28.Ne3 Qe8 29.Qd5+
Kg7 30.Qxb7 Rc6 31.Qxa7 Nd3 32.Rd2 Nc5 33.Qa3 Nxe4 34.Rg2 Ra8 35.Qb2 Rca6
36.Qd4 Nc5 37.Rff2 Qc6 38.Nd5 R6a7 39.Re2 Re8 40.h3 Qb7 41.Nxf6 exf6 42.Rxe8
Rxa2 43.Qd5 Qxb3 44.Qg8+ Kh6 45.Qf8+ Kh5 46.g4+ Kh4 47.Qh6# 1-0

[Event "5th POL-HUN Open 2017"]
[Site "Katowice POL"]
[Date "2017.05.20"]
[Round "5.26"]
[White "Vodila,Martin Botond"]
[Black "Kubica,K"]
[Result "0-1"]
[WhiteElo "2081"]
[BlackElo "2132"]

1.e4 e5 2.Nc3 Nc6 3.Bc4 Nf6 4.d3 Bc5 5.h3 d6 6.Nge2 Be6 7.Bb3 h6 8.O-O Qd7
9.Ng3 Bxh3 10.gxh3 Qxh3 11.Qf3 Nd4 12.Qg2 Qg4 13.Rd1 Nf3+ 14.Kf1 Nh4 15.Qh1
O-O-O 16.Bd2 Rhf8 17.Na4 Nd7 18.c3 Bxf2 19.Kxf2 f5 20.Be1 fxe4+ 21.Ke3 Rf3+
22.Kd2 exd3 23.Kc1 Qg5+ 24.Bd2 Qxg3 25.Bd5 Rdf8 26.Bxf3 Nxf3 27.b3 e4 28.Nb2
Nde5 29.Nc4 Nxd2 30.Nxd2 e3 31.Ne4 Qf4 32.Kb2 e2 33.Re1 d5 34.Nc5 Qd2+ 35.Ka3
Nc4+ 36.bxc4 Qxc3+ 37.Nb3 Rf6 38.Qh3+ Kb8 39.Qd7 Ra6+ 40.Qa4 Rxa4+ 41.Kxa4
dxc4 42.Rac1 Qb2 {#R} 0-1

[Event "5th POL-HUN Open 2017"]
[Site "Katowice POL"]
[Date "2017.05.20"]
[Round "5.34"]
[White "Stachanczyk,J"]
[Black "Paczkowski,A"]
[Result "1-0"]
[WhiteElo "2189"]
[BlackElo "2038"]

1.c4 e6 2.g3 d5 3.Bg2 Nf6 4.Nf3 Be7 5.O-O c5 6.b3 O-O 7.Bb2 d4 8.e3 Nc6 9.exd4
cxd4 10.Re1 Re8 11.Ne5 Nxe5 12.Rxe5 Bd6 13.Qe2 Bxe5 14.Qxe5 Ng4 15.Qxd4 Qxd4
16.Bxd4 e5 17.Bc5 e4 18.Nc3 f5 19.Nd5 Bd7 20.Nc7 Rac8 21.Nxe8 Rxc5 22.Nd6 Rc7
23.d3 exd3 24.Rd1 b5 25.Rxd3 bxc4 26.Nxc4 Kf8 27.Rd5 Be6 28.Ra5 Ke7 29.Bd5 Bd7
30.Bf3 Nf6 31.Kg2 g6 32.Ne3 Be6 33.Be2 Ne4 34.Bc4 Bxc4 35.Nxc4 Nc5 36.Na3 a6
37.Nc4 Rc6 38.Ne5 Rc7 39.b4 Ke6 40.Nf3 Nd3 41.Rxa6+ Kd5 42.Ra3 Nxb4 43.Ra4 Kc5
44.a3 Nc2 45.Ra8 Kb5 46.h3 Rc3 47.Ra7 Rxa3 48.Rxh7 Ra2 49.Ne5 g5 50.Rg7 Ne1+
51.Kf1 Nc2 52.Rxg5 Nd4 53.Kg2 Kc5 54.Nf3 Ra5 55.Nxd4 Kxd4 56.g4 Ra6 {#r} 1-0

[Event "5th POL-HUN Open 2017"]
[Site "Katowice POL"]
[Date "2017.05.20"]
[Round "5.35"]
[White "Oglaza,Oskar"]
[Black "Piotrowski,P"]
[Result "0-1"]
[WhiteElo "2197"]
[BlackElo "2335"]

1.e4 c5 2.Nf3 d6 3.d4 cxd4 4.Nxd4 Nf6 5.Nc3 Nc6 6.Bg5 e6 7.Qd2 a6 8.O-O-O Bd7
9.f3 b5 10.g4 Rc8 11.Be3 h6 12.h4 Qa5 13.Kb1 Nxd4 14.Bxd4 b4 15.Ne2 e5 16.Be3
Be6 17.Nc1 d5 18.Nb3 Qa4 19.exd5 Nxd5 20.Bg2 Be7 21.f4 Rd8 22.Qf2 Nxe3
23.Rxd8+ Bxd8 24.Qxe3 exf4 25.Qxf4 O-O 26.g5 h5 27.Bf3 g6 28.Rf1 Be7 29.Qe5
Rc8 30.Be4 Bc4 31.Re1 Bf8 32.Bb7 Rd8 33.Nc1 Be6 34.Be4 Bg7 35.Qc7 Rc8 36.Qd6
Bf8 37.Qe5 Rc5 38.Qf6 Bf5 39.Nb3 Bxe4 40.Rxe4 Rf5 41.Qd4 Rf1+ 42.Nc1 Qc6
43.Qd3 Rh1 44.Qe2 a5 45.Re8 Qc5 46.Re4 a4 47.Rc4 Qg1 48.Qd2 a3 49.b3 Bg7
50.Rc8+ Kh7 51.c3 Bxc3 52.Qf4 Qf1 53.Qe3 Qf5+ 54.Qd3 Qxd3# 0-1

[Event "5th POL-HUN Open 2017"]
[Site "Katowice POL"]
[Date "2017.05.21"]
[Round "6.1"]
[White "Kanarek,M"]
[Black "Heberla,B"]
[Result "0-1"]
[WhiteElo "2519"]
[BlackElo "2580"]

1.e4 c5 2.Nf3 e6 3.d4 cxd4 4.Nxd4 Nf6 5.Nc3 Nc6 6.Ndb5 d6 7.Bf4 e5 8.Bg5 a6
9.Na3 Be6 10.Nc4 Rb8 11.Nd5 Bxd5 12.exd5 Ne7 13.Bxf6 gxf6 14.Qf3 b5 15.Ne3 f5
16.Nxf5 Nxf5 17.Qxf5 Qa5+ 18.c3 b4 19.Bc4 bxc3 20.b3 c2+ 21.Ke2 Bh6 22.Qxc2
O-O 23.Qf5 Qd2+ 24.Kf1 e4 25.Qxe4 Bg7 26.Re1 Bc3 27.Qg4+ Kh8 28.Rd1 Qxa2 29.g3
f5 30.Qe2 Qa5 31.Rd3 f4 32.Qh5 Rbe8 33.Rf3 Be5 34.Kg2 Re7 35.Rd1 Ref7 36.g4
Qa2 37.h4 a5 38.g5 a4 39.Bd3 a3 40.Re1 Qb2 41.Re2 Qd4 42.Bb1 Qd1 43.g6 Rg7
44.Rxe5 dxe5 {#R} 0-1

[Event "5th POL-HUN Open 2017"]
[Site "Katowice POL"]
[Date "2017.05.21"]
[Round "6.2"]
[White "Gumularz,Szymon"]
[Black "Mista,A"]
[Result "0-1"]
[WhiteElo "2391"]
[BlackElo "2606"]

1.Nf3 Nf6 2.c4 c5 3.Nc3 Nc6 4.g3 g6 5.d4 cxd4 6.Nxd4 d6 7.Bg2 Bd7 8.O-O Bg7
9.Nc2 O-O 10.b3 a6 11.Bb2 Rb8 12.Nd5 Ne5 13.Nxf6+ Bxf6 14.Rb1 b5 15.cxb5 axb5
16.f4 Ng4 17.Bxf6 Nxf6 18.Qd4 Qa5 19.Nb4 Rfc8 20.Rbc1 Qa3 21.Rxc8+ Rxc8 22.e4
Be6 23.h3 Bc4 24.Qc3 Rc5 25.Re1 Bf1 26.Qd4 Bxg2 27.Kxg2 Qa8 28.Kh2 Rh5 29.Kg2
Qc8 30.f5 gxf5 31.exf5 Qb7+ 32.Kh2 Rxf5 33.g4 e5 34.Qe3 Rf3 35.Qg5+ Kf8 36.Re2
Rf1 37.Rg2 Qf3 38.Qh6+ Ke8 39.Nc2 Rf2 40.Ne3 Ne4 41.Rxf2 Qxf2+ 42.Ng2 Nd2
43.h4 Nf3+ 44.Kh3 Ng1+ 45.Kh2 Nf3+ 46.Kh3 Qg1 47.Kg3 Ne1 48.Qd2 Nxg2 49.Qxg2
Qxg2+ 50.Kxg2 b4 51.Kf3 d5 52.g5 Ke7 53.Ke3 Ke6 {#R} 0-1

[Event "5th POL-HUN Open 2017"]
[Site "Katowice POL"]
[Date "2017.05.21"]
[Round "6.3"]
[White "Azarov,S"]
[Black "Reza,W"]
[Result "1-0"]
[WhiteElo "2582"]
[BlackElo "2258"]

1.e4 e5 2.Nf3 Nc6 3.Bb5 a6 4.Ba4 Nf6 5.O-O Be7 6.Re1 b5 7.Bb3 d6 8.c3 O-O 9.h3
Na5 10.Bc2 c5 11.d4 Nd7 12.Nbd2 exd4 13.cxd4 Nc6 14.d5 Nce5 15.Nxe5 Nxe5 16.f4
Ng6 17.Nf3 Bh4 18.Rf1 Bg3 19.f5 Ne5 20.Ng5 h6 21.f6 g6 22.Qe2 Bh4 23.Nf3 Bxf6
24.Bxh6 Re8 25.Kh1 Ra7 26.Rf2 Nxf3 27.Rxf3 Bxb2 28.Raf1 Qh4 29.Qd2 Be5 30.Bg5
Qh5 31.Bf6 Bxf6 32.Rxf6 Rd7 33.e5 Rxe5 34.Qf4 Qg5 35.Qf2 Ree7 36.h4 Qe3
37.Rxg6+ fxg6 38.Qf8+ Kh7 39.h5 Rg7 40.Qxc8 Qe2 41.hxg6+ Kh6 42.Qh8+ Rh7
43.Qf6 Qh5+ 44.Kg1 Rhg7 45.Rf3 Rxg6 46.Bxg6 {#r} 1-0

[Event "5th POL-HUN Open 2017"]
[Site "Katowice POL"]
[Date "2017.05.21"]
[Round "6.4"]
[White "Klekowski,M"]
[Black "Lewtak,Da"]
[Result "1-0"]
[WhiteElo "2473"]
[BlackElo "2319"]

1.c4 Nf6 2.Nc3 e5 3.g3 Nc6 4.Bg2 Bc5 5.e3 a6 6.Nge2 O-O 7.O-O d6 8.h3 Re8 9.d3
Ba7 10.Kh2 Ne7 11.e4 c6 12.f4 Ng6 13.f5 Nf8 14.g4 b5 15.g5 N6d7 16.Ng3 g6
17.Qf3 Qe7 18.h4 Bb7 19.h5 b4 20.Nd1 f6 21.Ne3 Bxe3 22.Bxe3 fxg5 23.Bh3 gxh5
24.f6 Qf7 25.Bxg5 Ne6 26.Bh6 Ndf8 27.Nxh5 Ng6 28.Bxe6 Rxe6 29.Bg7 d5 30.Ng3
dxe4 31.Qg4 Bc8 32.Qg5 Rd6 33.Nxe4 Rxd3 34.Rad1 Rxd1 35.Rxd1 Be6 36.Qh6 Qa7
37.f7+ Kxf7 38.Bf6 Kg8 39.Bxe5 Rf8 40.Rd8 Rxd8 41.Nf6+ Kf7 42.Qxh7+ Kf8
43.Qxa7 Nxe5 44.Qc5+ Kf7 45.Qxe5 {#r} 1-0

[Event "5th POL-HUN Open 2017"]
[Site "Katowice POL"]
[Date "2017.05.21"]
[Round "6.8"]
[White "Gdanski,J"]
[Black "Zochowski,K"]
[Result "1-0"]
[WhiteElo "2474"]
[BlackElo "2259"]

1.e4 e5 2.Nf3 Nc6 3.Bb5 a6 4.Bxc6 dxc6 5.O-O Qd6 6.Na3 Be6 7.Qe2 c5 8.Nc4 Bxc4
9.Qxc4 Ne7 10.d3 Nc6 11.Be3 Be7 12.Rad1 Nd4 13.Bxd4 cxd4 14.c3 b5 15.Qb3 c5
16.cxd4 exd4 17.a4 O-O 18.axb5 axb5 19.Qxb5 Rfb8 20.Qc4 Rxb2 21.Ra1 Qb8 22.g3
Rxa1 23.Rxa1 Rb1+ 24.Rxb1 Qxb1+ 25.Kg2 Qb7 26.Qa4 g6 27.Qe8+ Kg7 28.Ne5 Bd6
29.Nc4 Qc7 30.f4 Be7 31.Qa8 Qd7 32.Ne5 Qe6 33.Nc4 Qg4 34.Qa2 Qe6 35.Qf2 f5
36.Qf3 fxe4 37.Qxe4 Qxe4+ 38.dxe4 Kf7 39.Kf3 Bd8 40.e5 Ke6 41.Ke4 h5 42.h3 Be7
43.g4 hxg4 44.hxg4 Bh4 45.f5+ gxf5+ 46.gxf5+ Ke7 47.Kd5 Bg5 48.Nb2 Bc1 49.Nd3
Ba3 50.Nf2 Ke8 51.f6 Kf7 52.Ne4 d3 53.e6+ Kg6 54.e7 Kf7 55.Nd6+ {#r} 1-0

[Event "5th POL-HUN Open 2017"]
[Site "Katowice POL"]
[Date "2017.05.21"]
[Round "6.10"]
[White "Nasuta,G"]
[Black "Woloch,Oskar"]
[Result "0-1"]
[WhiteElo "2454"]
[BlackElo "2226"]

1.e4 e5 2.Nf3 Nc6 3.Bc4 Bc5 4.O-O Nf6 5.d3 a6 6.c3 Ba7 7.Re1 d6 8.Bb3 O-O 9.h3
Qe7 10.Nbd2 Be6 11.Nf1 Na5 12.Bc2 c5 13.d4 cxd4 14.cxd4 Rfd8 15.d5 Bd7 16.b3
b5 17.Bd2 Bb6 18.Bd3 Rdc8 19.Ng3 Rc7 20.Rf1 Rac8 21.Nh4 g6 22.Bg5 h6 23.Bxh6
Nh5 24.Nhf5 Bxf5 25.Nxf5 Qf6 26.Qg4 Rc3 27.Be2 Nf4 28.Bxf4 exf4 29.Bf3 Kf8
30.Nh4 Bd8 31.b4 Qxh4 32.Qd7 Qe7 33.Qxe7+ Kxe7 34.bxa5 Bxa5 35.Bg4 R8c4 36.Bf3
Kf6 37.Kh2 Ke5 38.h4 Rc2 39.g3 R4c3 40.gxf4+ Kxf4 41.Bg2 Bb6 42.Rad1 Rxa2
43.Kg1 Rcc2 44.Rd3 Rxf2 45.Rxf2+ Rxf2 46.Kh2 a5 47.Rc3 Bc5 48.h5 gxh5 49.Rh3
a4 50.Rxh5 Bd4 51.Rh7 Ke3 52.Kg3 Be5+ 53.Kh3 a3 {#R} 0-1

[Event "5th POL-HUN Open 2017"]
[Site "Katowice POL"]
[Date "2017.05.21"]
[Round "6.11"]
[White "Bus,Konrad"]
[Black "Budrewicz,K"]
[Result "1-0"]
[WhiteElo "2229"]
[BlackElo "2190"]

1.Nf3 Nf6 2.g3 g6 3.b3 Bg7 4.Bb2 O-O 5.Bg2 c5 6.c4 d6 7.d4 Nc6 8.O-O Bf5
9.Nbd2 Ne4 10.Nh4 Nxd2 11.Qxd2 cxd4 12.Nxf5 gxf5 13.Bxc6 bxc6 14.Bxd4 e5
15.Bb2 d5 16.cxd5 cxd5 17.e3 d4 18.exd4 exd4 19.Rad1 Qd6 20.Bxd4 Rfd8 21.Be3
Qf6 22.Qa5 Re8 23.Rd5 Re5 24.Rfd1 a6 25.Rxe5 Qxe5 26.Rd8+ Rxd8 27.Qxd8+ Bf8
28.Bh6 Qe1+ 29.Kg2 Qe4+ 30.f3 {#r} 1-0

[Event "5th POL-HUN Open 2017"]
[Site "Katowice POL"]
[Date "2017.05.21"]
[Round "6.12"]
[White "Przedmojski,R"]
[Black "Lis,Mateusz"]
[Result "1-0"]
[WhiteElo "2355"]
[BlackElo "2139"]

1.d4 Nf6 2.c4 d6 3.Nc3 Nbd7 4.e4 g6 5.Be3 Bg7 6.f3 O-O 7.Qd2 c5 8.Nge2 a6
9.Bh6 b5 10.Bxg7 Kxg7 11.cxb5 axb5 12.Nxb5 Ba6 13.Nec3 Qb6 14.d5 Rfb8 15.a4
Qa5 16.Be2 Bxb5 17.Bxb5 Rxb5 18.Nxb5 Qxb5 19.axb5 Rxa1+ 20.Ke2 Rxh1 21.Qa5 Rc1
22.Kd2 Rc4 23.Qd8 Rb4 24.Qxe7 Ne5 25.Kc3 Nc4 26.b6 Nxb6 27.Qxd6 Na4+ 28.Kc2
Rxb2+ 29.Kc1 Ra2 30.e5 Ng8 31.e6 c4 32.exf7 Kxf7 33.Qc7+ Ke8 34.Qxc4 Ra3
35.Qc8+ Kf7 36.Qe6+ Kg7 37.d6 Rc3+ 38.Kb1 Rd3 39.Qd7+ Kf8 40.Qc8+ Kg7 41.d7
Nb6 42.d8=Q Nxc8 43.Qxd3 Nce7 44.g4 h6 45.Qd6 Kf7 46.Kc1 Nf6 47.Kd1 Ne8
48.Qf4+ Kg7 49.Qe3 Kf7 50.Qxh6 Ng7 51.Qf4+ Ke8 52.Qe5 Kf7 53.Ke1 Ne8 54.h4 Ng7
55.Kf2 Ne8 56.h5 gxh5 57.Qxh5+ Kf8 58.f4 Nf6 59.Qh4 Kf7 60.Kf3 Ng6 61.Qg5 Ne7
62.Qa5 Ng6 63.Qa7+ Ne7 64.f5 Nd5 65.g5 {#r} 1-0

[Event "5th POL-HUN Open 2017"]
[Site "Katowice POL"]
[Date "2017.05.21"]
[Round "6.14"]
[White "Kubica,K"]
[Black "Cukrowski,F"]
[Result "1-0"]
[WhiteElo "2132"]
[BlackElo "2431"]

1.d4 Nf6 2.Nf3 e6 3.c4 b6 4.Nc3 Ba6 5.e4 Bb4 6.Qc2 c5 7.e5 Ng8 8.Qe4 d5 9.exd6
Nd7 10.Bg5 Ngf6 11.Bxf6 Nxf6 12.Qc6+ Kf8 13.dxc5 Bxc5 14.Rd1 Rc8 15.Qa4 Bb7
16.Be2 Bc6 17.Qxa7 Nd7 18.Nb5 Bxb5 19.cxb5 Ra8 20.Qc7 Qxc7 21.dxc7 Ke7 22.a3
Rhc8 23.Ng5 Rxc7 24.Bf3 Rac8 25.O-O h6 26.Ne4 f5 27.Nc3 Ne5 28.Be2 Bxa3
29.Nd5+ exd5 30.bxa3 Kd6 31.f4 Nc4 32.Rd3 Rc5 33.a4 Nb2 34.Rg3 Re8 35.Bh5 Re7
36.Rg6+ Kc7 37.h3 d4 38.Rb1 Nc4 39.Rd1 Rd7 40.Bf3 Ne3 41.Rd3 Nc2 42.Bc6 Re7
43.Rdg3 Rc4 44.Rxg7 Rxg7 45.Rxg7+ Kd6 46.g4 fxg4 47.hxg4 Kc5 48.Rd7 Ne3 49.g5
hxg5 50.fxg5 Kb4 51.g6 Rc5 52.Rxd4+ Ka5 53.Kf2 Nf5 54.Rf4 Ne7 55.g7 Rg5 56.Rf7
Nf5 57.g8=Q Rxg8 58.Rxf5 Kxa4 59.Rf4+ Ka5 60.Ke3 Rd8 61.Rf7 Kb4 62.Rf4+ Ka5
63.Rf5 Kb4 64.Ke4 Rd1 65.Ke5 Rd2 66.Ke6 Rd1 67.Rd5 Rg1 68.Kd6 Rg7 69.Re5 Rh7
70.Re7 Rh5 71.Kc7 Kc5 72.Kb7 Rg5 73.Rd7 Rh5 74.Ka6 Rg5 75.Rd5+ {#r} 1-0

[Event "5th POL-HUN Open 2017"]
[Site "Katowice POL"]
[Date "2017.05.21"]
[Round "6.15"]
[White "Rak,T"]
[Black "Pinkas,K"]
[Result "1-0"]
[WhiteElo "2055"]
[BlackElo "2196"]

1.Nf3 Nc6 2.d4 d5 3.c4 Bg4 4.cxd5 Bxf3 5.gxf3 Qxd5 6.e3 e5 7.Nc3 Bb4 8.Bd2
Bxc3 9.bxc3 Nf6 10.Bg2 O-O 11.Qb3 exd4 12.Qxd5 Nxd5 13.cxd4 Rfe8 14.O-O Rad8
15.Rfc1 f5 16.f4 Nce7 17.Rab1 b6 18.Bb4 Nxb4 19.Rxb4 Rd7 20.Rb5 g6 21.Re5 Kf7
22.Bf1 c6 23.a4 Rd6 24.a5 b5 25.Bg2 Rb8 26.Rec5 b4 27.Kf1 Rb5 28.Rxb5 cxb5
29.Rc5 a6 30.Ke2 Ke6 31.Kd3 Nd5 32.Kc2 Nc3 33.Kb3 Nb1 34.Kxb4 Nd2 35.Rc7 h5
36.Bb7 Ne4 37.Bxe4 fxe4 38.Kc5 Rd5+ 39.Kb6 g5 40.fxg5 Rxg5 41.Kxa6 Rg2 42.Kxb5
Rxf2 43.a6 Rb2+ 44.Kc6 Rxh2 45.Rh7 Ra2 46.Rh6+ Ke7 47.Kb7 Ra3 48.a7 Ke8 {#r}
1-0

[Event "5th POL-HUN Open 2017"]
[Site "Katowice POL"]
[Date "2017.05.21"]
[Round "6.16"]
[White "Janiszewski,M"]
[Black "Barski,R"]
[Result "0-1"]
[WhiteElo "2097"]
[BlackElo "2412"]

1.e4 c5 2.b4 cxb4 3.a3 Nc6 4.axb4 Nxb4 5.c3 Nc6 6.d4 d5 7.e5 e6 8.Bd3 Nge7
9.Ne2 Nf5 10.g4 Nh4 11.f4 Be7 12.O-O f5 13.exf6 gxf6 14.Ng3 O-O 15.Nd2 e5
16.fxe5 fxe5 17.Nf5 Nxf5 18.Bxf5 Bxf5 19.gxf5 Kh8 20.dxe5 Nxe5 21.Nf3 Bc5+
22.Nd4 Qh4 23.Bf4 Rxf5 24.Qd2 Nc4 25.Qf2 Qg4+ 26.Kh1 Raf8 27.Rg1 Qxf4 28.Qg2
Qe4 29.Nxf5 Bxg1 30.Rxg1 Qxg2+ 31.Rxg2 Rxf5 {#R} 0-1

[Event "5th POL-HUN Open 2017"]
[Site "Katowice POL"]
[Date "2017.05.21"]
[Round "6.18"]
[White "Jakubiec,A"]
[Black "Sanz Losada,V"]
[Result "1-0"]
[WhiteElo "2500"]
[BlackElo "2069"]

1.f4 b5 2.Nf3 Bb7 3.e3 a6 4.b3 d6 5.Bb2 Nd7 6.Be2 Ngf6 7.O-O c5 8.a4 b4 9.d3
Qc7 10.e4 O-O-O 11.Ng5 Re8 12.Nxf7 Rg8 13.Ng5 h6 14.Ne6 Qb6 15.a5 Qa7 16.Nd2
g6 17.Kh1 Bg7 18.Bf3 Bh8 19.Nc4 Nh7 20.Bxh8 Rxh8 21.Qd2 Nhf8 22.Nxf8 Rexf8
23.Bg4 Bc6 24.Bxd7+ Kxd7 25.Rae1 Kc8 26.d4 Kb8 27.d5 Bb5 28.e5 Bxc4 29.bxc4
Rf5 30.exd6 exd6 31.Re6 Rd8 32.Rxg6 Qc7 33.c3 b3 34.g4 Rf7 35.Rb1 Re7 36.Re6
Rg7 37.Qd1 Qxa5 38.Qxb3+ Ka7 39.Rxd6 Rf8 40.Rb6 Rff7 41.h3 Re7 42.Kg2 Ka8
43.Rxa6+ {#r} 1-0

[Event "5th POL-HUN Open 2017"]
[Site "Katowice POL"]
[Date "2017.05.21"]
[Round "6.19"]
[White "Samborski,H"]
[Black "Sadzikowski,D"]
[Result "0-1"]
[WhiteElo "2117"]
[BlackElo "2548"]

1.d4 Nf6 2.Nf3 e6 3.Bf4 c5 4.e3 Nc6 5.Nbd2 d5 6.c3 cxd4 7.exd4 Nh5 8.Be3 g6
9.Be2 f6 10.g4 Ng7 11.Bf4 Bd6 12.Bg3 f5 13.Ne5 fxg4 14.Bxg4 Nxe5 15.dxe5 Be7
16.Qe2 Bd7 17.O-O-O Qa5 18.Kb1 O-O-O 19.Nb3 Qa4 20.Rd4 Qb5 21.c4 dxc4 22.Rxc4+
Kb8 23.Nd4 Qb6 24.f4 Rc8 25.Rhc1 Rxc4 26.Rxc4 Rc8 27.Rxc8+ Kxc8 28.Nb3 Qb5
29.Qc2+ Qc6 30.Bf3 Qxc2+ 31.Kxc2 Nf5 32.Bf2 b6 33.Nd2 Kc7 34.b3 g5 35.fxg5
Bxg5 36.Be4 Bc6 37.Kd3 Bxe4+ 38.Nxe4 Bf4 39.Nf6 Bxe5 40.Nxh7 Bxh2 41.Ng5 Kd7
42.a4 Bc7 43.a5 Ne7 44.axb6 axb6 45.Kc4 Nd5 46.Bd4 Bd8 47.Nf3 Bc7 48.Ne5+ Bxe5
49.Bxe5 Kc6 50.Bg3 Ne3+ 51.Kd3 Nf5 52.Bf2 b5 53.Ke4 Kd6 54.Ba7 Ne7 55.Bb8+ Kd7
56.Bg3 Nc6 57.Be1 Ke7 58.Bc3 Kd6 59.Be1 Kc7 60.Bc3 Kb6 61.Be1 Kb7 62.Bd2 Kc8
63.Bc3 Kd8 64.Bd2 Ke8 65.Bc3 Kf7 66.Bd2 Kg6 67.Bc3 Kg5 68.Bd2+ Kg4 69.Be1 Kh5
70.Bd2 Kh4 71.Be1+ Kg4 72.Bf2 Kg5 73.Be3+ Kf6 74.Bd2 Ke7 75.Bc3 Kd6 76.Be1 Nd8
77.Bg3+ Kd7 78.Kd4 Kc6 79.Ke5 Kc5 80.Bh4 Nc6+ 81.Kxe6 Nd4+ 82.Kf6 Nxb3 83.Ke5
Kc4 84.Be1 Nc5 85.Ba5 Nb3 86.Be1 Nd4 87.Ke4 Ne2 88.Ke3 Nc3 89.Kd2 b4 90.Kc2
b3+ 91.Kb2 Nd1+ 92.Kb1 b2 93.Bh4 Kb3 94.Bf6 Kc4 95.Kc2 {#R} 0-1

[Event "5th POL-HUN Open 2017"]
[Site "Katowice POL"]
[Date "2017.05.21"]
[Round "6.20"]
[White "Janik,Igor"]
[Black "Sanz Wawer,Daniel"]
[Result "1-0"]
[WhiteElo "2422"]
[BlackElo "2115"]

1.e4 c5 2.Nf3 e6 3.g3 Nc6 4.Bg2 g6 5.c3 Bg7 6.O-O Nge7 7.Na3 O-O 8.d3 d5 9.Qe2
b6 10.Bf4 e5 11.exd5 exf4 12.dxc6 fxg3 13.fxg3 Nxc6 14.Rad1 Bb7 15.Nc4 Qc7
16.Ng5 Rae8 17.Qf2 Nd4 18.Bxb7 Re2 19.Qf4 Qxb7 20.Ne4 Ne6 21.Qf3 Rxe4 22.Qxe4
Qe7 23.a4 Qg5 24.Qe3 Qd5 25.Qf3 Qd7 26.h4 Qc7 27.Kg2 a6 28.Rfe1 b5 29.axb5
axb5 30.Ne3 Qd6 31.Qd5 Qe7 32.Ng4 Rd8 33.Qf3 b4 34.Ne5 Qc7 35.Nc6 Rd6 36.d4
cxd4 37.Nxd4 Nf8 38.Nb5 Rxd1 39.Rxd1 Qa5 40.Nd6 bxc3 41.Qxf7+ Kh8 42.Ne8 Bh6
43.Nf6 c2 44.Qg8# 1-0

[Event "5th POL-HUN Open 2017"]
[Site "Katowice POL"]
[Date "2017.05.21"]
[Round "6.23"]
[White "Flasinski,M"]
[Black "Rudecki,Bartosz"]
[Result "1-0"]
[WhiteElo "2205"]
[BlackElo "2007"]

1.d4 Nf6 2.c4 c5 3.d5 b5 4.cxb5 a6 5.bxa6 Bxa6 6.Nc3 g6 7.Nf3 Bg7 8.g3 d6
9.Bg2 O-O 10.O-O Nbd7 11.Re1 Ng4 12.Qc2 Nge5 13.Nd2 Qb6 14.Rb1 Rfb8 15.b3 Qa7
16.h3 Nb6 17.f4 Ned7 18.Kh2 c4 19.b4 Bc8 20.a3 Qc7 21.Bb2 Nf6 22.e4 Bd7 23.b5
Ra5 24.a4 Rba8 25.Bf1 e6 26.dxe6 Bxe6 27.Ba3 Nxa4 28.Bb4 R5a7 29.f5 gxf5
30.exf5 Nxc3 31.Bxc3 Ra2 32.Rb2 Bxf5 33.Rxa2 Bxc2 34.Rxa8+ Bf8 35.Bxf6 {#r}
1-0

[Event "5th POL-HUN Open 2017"]
[Site "Katowice POL"]
[Date "2017.05.21"]
[Round "6.25"]
[White "Piotrowski,P"]
[Black "Talik,Patryk"]
[Result "1-0"]
[WhiteElo "2335"]
[BlackElo "2051"]

1.e4 e6 2.d4 d5 3.e5 c5 4.c3 Nc6 5.Nf3 Qb6 6.a3 c4 7.Nbd2 Bd7 8.b3 cxb3 9.Nxb3
Na5 10.Nxa5 Qxa5 11.Bd2 Qa4 12.Qb1 Qc6 13.a4 Ne7 14.Bd3 Nf5 15.g4 Ne7 16.Rg1
Nc8 17.a5 a6 18.Ke2 Be7 19.Rc1 b5 20.axb6 Nxb6 21.Rxa6 Rxa6 22.Bxa6 O-O 23.Bd3
h6 24.g5 hxg5 25.Bxg5 f6 26.exf6 Bxf6 27.Bxf6 Rxf6 28.Ne5 Qd6 29.Bh7+ Kf8
30.Qxb6 {#r} 1-0

[Event "5th POL-HUN Open 2017"]
[Site "Katowice POL"]
[Date "2017.05.21"]
[Round "6.27"]
[White "Klepek,Witold"]
[Black "Gondzik,D"]
[Result "1-0"]
[WhiteElo "2111"]
[BlackElo "2103"]

1.e4 c5 2.Nf3 Nc6 3.d4 cxd4 4.Nxd4 Nf6 5.Nc3 e6 6.Ndb5 Bb4 7.a3 Bxc3+ 8.Nxc3
d5 9.Bd3 dxe4 10.Nxe4 Nxe4 11.Bxe4 Qxd1+ 12.Kxd1 Bd7 13.Be3 O-O-O 14.c3 Na5
15.Ke2 Bb5+ 16.Kf3 f5 17.Bc2 Nc4 18.b3 Ne5+ 19.Kg3 Bd3 20.Rac1 Bxc2 21.Rxc2
Rd3 22.Kf4 Ng6+ 23.Kf3 Rhd8 24.Ke2 e5 25.f3 b6 26.g3 f4 27.Bd4 e4 28.fxe4
R3xd4 29.cxd4+ Kb7 30.gxf4 Nxf4+ 31.Ke3 Ne6 32.d5 Nc5 33.b4 Nd7 34.Rhc1 {#r}
1-0

[Event "5th POL-HUN Open 2017"]
[Site "Katowice POL"]
[Date "2017.05.21"]
[Round "6.28"]
[White "Tworzydlo,P"]
[Black "Vodila,Martin Botond"]
[Result "1-0"]
[WhiteElo "2165"]
[BlackElo "2081"]

1.Nf3 Nf6 2.c4 g6 3.g3 Bg7 4.Bg2 O-O 5.O-O c5 6.Nc3 Nc6 7.d4 cxd4 8.Nxd4 a6
9.Nc2 d6 10.Ne3 Be6 11.Rb1 Qc8 12.Ned5 Bxd5 13.Nxd5 Nxd5 14.Qxd5 Rb8 15.b3 Qc7
16.Be3 Rfd8 17.Rfd1 Ne5 18.Rbc1 Nd7 19.Bg5 Bf6 20.Bh6 Ne5 21.h3 Bg7 22.Bf4 b6
23.a4 a5 24.h4 Nd7 25.Rd3 Nc5 26.Rf3 Ne6 27.Be3 Bf6 28.Bh3 Nc5 29.Bg5 e6
30.Qd2 Bxg5 31.Qxg5 d5 32.h5 dxc4 33.hxg6 hxg6 34.Rxc4 Rd1+ 35.Kh2 Qd8 36.Qh6
Rb1 37.Rh4 Rd1 38.Rc4 Qf8 39.Qg5 Qd8 {#r} 1-0

[Event "5th POL-HUN Open 2017"]
[Site "Katowice POL"]
[Date "2017.05.21"]
[Round "6.29"]
[White "Masternak,A"]
[Black "Czernek,Tymon"]
[Result "1-0"]
[WhiteElo "2188"]
[BlackElo "2012"]

1.Nf3 d5 2.d4 Nc6 3.c4 Bg4 4.Nc3 Bxf3 5.gxf3 Nf6 6.Bg5 e6 7.cxd5 exd5 8.e3 Bb4
9.Rc1 Qd7 10.Bxf6 gxf6 11.Bb5 O-O-O 12.Qa4 Qd6 13.Bxc6 bxc6 14.a3 Bxc3+
15.Rxc3 Kd7 16.Ke2 Rb8 17.b4 Rhg8 18.Rhc1 Rb6 19.Qc2 Rg6 20.b5 Ke8 21.Rxc6
Qxa3 22.Rxc7 Kf8 23.Qc5+ Qxc5 24.R1xc5 a6 25.bxa6 Rxa6 26.f4 Ra2+ 27.Kf3 Rh6
28.Rxd5 Rxh2 29.Rdd7 Raxf2+ 30.Ke4 Re2 31.Rxf7+ Ke8 32.Rxh7 f5+ 33.Kxf5 Rxh7
34.Rxh7 Rxe3 35.Kf6 Re4 36.Rh8+ Kd7 37.f5 Rxd4 38.Kf7 Rf4 39.f6 Rf1 40.Rh4 Rg1
41.Rd4+ Kc6 42.Kf8 Kc7 43.f7 Kc6 44.Ke7 Re1+ 45.Kf6 Rf1+ 46.Kg6 Kc5 47.Rd8
Rg1+ 48.Kh5 Rh1+ 49.Kg4 Rg1+ 50.Kh3 Rf1 51.f8=Q+ Rxf8 52.Rxf8 Kd6 53.Kg4 Ke7
54.Rf5 {#r} 1-0